Ultra : 2002-2006 : proč je noc černá : rozhovory s přírodními lidmi Nové Guineje = why the night is black : interviews with the indigenous people of New Guinea /

Hlavní autor: Šlapetová, Barbora, 1973-
Korporativní autor: DOX Centrum současného umění
Další autoři: Rittstein, Lukáš, 1973-, Drury, Richard, 1967-
Jazyk: Čeština
Angličtina
Vydáno: Praha : Centrum současného umění DOX :Akademie výtvarných umění v Praze :Knihovna Václava Havla :KANT, [2022]
Témata:
Fyzický popis: 283 stran : ilustrace, portréty ; 29 cm
Language note: Souběžný anglický text
Knihy
Uloženo v:
LEADER 03605nam a2200829 i 4500
001 nkc20223461211
003 CZ PrNK
005 20240529080341.0
007 ta
008 230112t20222022xr ac e 000 | cze
015 |a cnb003461211 
020 |a 978-80-88366-38-6  |q (Akademie výtvarných umění ;  |q vázáno) 
020 |a 978-80-88417-05-7  |q (Knihovna Václava Havla ;  |q vázáno) 
020 |a 978-80-87446-55-3  |q (Dox Prague ;  |q vázáno) 
020 |a 978-80-7437-377-0  |q (KANT - Karel Kerlický ;  |q vázáno) 
035 |a (OCoLC)1369541037 
040 |a ABA001  |b cze  |e rda 
041 1 |a cze  |a eng  |h cze 
043 |a e-xr---  |a a-pp--- 
045 |a y-y- 
072 7 |a 77  |x Fotografie. Fotografické postupy  |2 Konspekt  |9 21 
072 7 |a 39  |x Kulturní antropologie. Etnologie. Etnografie  |2 Konspekt  |9 1 
080 |a 77.03  |2 MRF 
080 |a (=081)  |2 MRF 
080 |a 316.72/.75  |2 MRF 
080 |a 2-584  |2 MRF 
080 |a 316.72/.73  |2 MRF 
080 |a (437.3)  |2 MRF 
080 |a (954)  |2 MRF 
080 |a (047.53)  |2 MRF 
080 |a (084.12)  |2 MRF 
100 1 |a Šlapetová, Barbora,  |d 1973-  |7 jn20001103778  |4 aut  |4 pht 
245 1 0 |a Ultra :  |b 2002-2006 : proč je noc černá : rozhovory s přírodními lidmi Nové Guineje = why the night is black : interviews with the indigenous people of New Guinea /  |c Barbora Šlapetová & Lukáš Rittstein ; překlad knihy do angličtiny Richard Drury 
246 3 0 |a Proč je noc černá 
246 3 0 |a Rozhovory s přírodními lidmi Nové Guineje 
246 3 0 |a Why the night is black 
246 3 0 |a Interviews with the indigenous people of New Guinea 
264 1 |a Praha :  |b Centrum současného umění DOX :  |b Akademie výtvarných umění v Praze :  |b Knihovna Václava Havla :  |b KANT,  |c [2022] 
264 4 |c ©2022 
300 |a 283 stran :  |b ilustrace, portréty ;  |c 29 cm 
336 |a text  |b txt  |2 rdacontent 
336 |a statický obraz  |b sti  |2 rdacontent 
337 |a bez média  |b n  |2 rdamedia 
338 |a svazek  |b nc  |2 rdacarrier 
500 |a Vydáno u příležitosti výstavy Ultrasupernatural v Centru současného umění DOX, Praha, 27.5.-15.11.2020 
546 |a Souběžný anglický text 
600 1 7 |a Šlapetová, Barbora,  |d 1973-  |7 jn20001103778  |2 czenas 
600 1 7 |a Rittstein, Lukáš,  |d 1973-  |7 jn20000620313  |2 czenas 
648 7 |a 21. století  |7 ch460559  |2 czenas 
648 4 |a 2002-2006 
650 0 7 |a dokumentární fotografie  |7 ph119534  |z Česko  |y 21. století  |2 czenas 
650 0 7 |a přírodní národy  |7 ph124933  |z Papua-Nová Guinea  |2 czenas 
650 0 7 |a kultura a společnost  |7 ph122010  |z Papua-Nová Guinea  |2 czenas 
650 0 7 |a duchovní život  |7 ph114375  |z Papua-Nová Guinea  |2 czenas 
650 0 7 |a dialog kultur  |7 ph478605  |2 czenas 
650 0 9 |a documentary photography  |z Czechia  |y 21st century  |2 eczenas 
650 0 9 |a native peoples  |z Papua New Guinea  |2 eczenas 
650 0 9 |a culture and society  |z Papua New Guinea  |2 eczenas 
650 0 9 |a spiritual life  |z Papua New Guinea  |2 eczenas 
650 0 9 |a dialogue of cultures  |2 eczenas 
655 7 |a rozhovory  |7 fd133303  |2 czenas 
655 7 |a fotografické publikace  |7 fd132276  |2 czenas 
655 9 |a interviews  |2 eczenas 
655 9 |a photographical works  |2 eczenas 
700 1 |a Rittstein, Lukáš,  |d 1973-  |7 jn20000620313  |4 aut  |4 pht 
700 1 |a Drury, Richard,  |d 1967-  |7 jx20041007010  |4 trl 
710 2 |a DOX Centrum současného umění  |7 xx0093396  |4 orm  |4 isb 
910 2 |a BOA001  |b 4-1508.450 
928 9 |a DOX Prague 
990 |a BK 
995 |a 01 
996 6 |b 2610938903  |c 4-1508.450  |l MZK  |r Sklad / do 1 hodiny  |n 0  |p p.v.  |w 001926030  |u 000010  |a 1  |e BOA001  |j MZK50  |s P